| 000 | 00348nam a2200145Ia 4500 | ||
|---|---|---|---|
| 008 | 150201s1996 xx 000 0 und d | ||
| 082 |
_a616.07 _bP1996W |
||
| 100 | _aWALKER | ||
| 245 | _aPHYSICAL THERAPY IN ARTHURITIS | ||
| 250 | _a1ST | ||
| 260 |
_bSAUNDERS _aPHILADELPHIA _c1996 |
||
| 300 | _a1-425 | ||
| 650 | _aPHYSIOTHERAPY | ||
| 942 |
_2ddc _cBK |
||
| 999 |
_c4317 _d4317 |
||